Plus Grandes Villes de France par Lettre - D - Statistiques

Statistiques générales
  • Ce quiz a été pris 510 fois
  • Le résultat moyen est 8 sur 20
Réponses sur la Carte
Les réponses sont colorées sur une échelle allant du rouge au vert en fonction du pourcentage des utilisateurs qui les ont devinées à leur premier essai. Vous pouvez retrouver ces pourcentages ci-dessous.
 
Statistiques - réponses
Population Ville % Correct
86 788 Dunkerque
96%
159 346 Dijon
95%
21 347 Dax
68%
39 648 Douai
66%
30 879 Dreux
60%
28 358 Dieppe
59%
39 745 Draguignan
56%
17 192 Digne-les-Bains
55%
71 363 Drancy
55%
23 775 Dole
47%
17 831 Dzaoudzi
19%
20 640 Denain
14%
22 845 Dammarie-les-Lys
12%
29 173 Draveil
12%
29 731 Décines-Charpieu
10%
22 510 Deuil-la-Barre
8%
35 873 Dumbéa
7%
16 078 Domont
5%
17 912 Ducos
5%
15 848 Dembeni
4%
Aucun quiz correspondant
Distribution des résultats
% des personnes avec chaque résultat
Percentile par nombre de réponses
Votre historique - résultats
Vous n’avez pas pris ce quiz